000 003930000a22001450004500
090 _aAR
_b03615
245 1 0 _aUniversal ancestor
650 1 4 _aMicrobiología
_96791
650 1 4 _aAnálisis genético
_975159
650 1 4 _aDinámica evolutiva
_997321
041 0 _aInglés
100 1 _aWoese, Carl
_997322
942 _cARTICULO
773 1 _tProceedings Natl. Acad. Sci. USA
_q6854-6859
_d1998
_g95
999 _c12663
_d12663